Szczegóły MARC21

Fahrerflucht : Hörspiel ; Ein Liebhaber des Halbschattens : Erzählung /

003 -Nazwa inst., której nr kontr. jest w polu 001 [,]
    • @
    • Nazwa instytucji, której n kontrolny jest w polu 001
    • NUKAT
005 -DATA I CZAS OSTATNIEJ MODYFIKACJI [,]
    • @
    • pole kontrolne
    • 20241231111916.0
020 -Międzynarod. znormalizowany nr książki - ISBN [ , ]
    • a
    • Numer ISBN
    • 3150098920 Find
040 -Instytucja sporządzająca opis [ , ]
    • a
    • Instytucja, która sporządziła opis (NP)
    • KAT U/46MM
    • c
    • Instytucja, która sporządziła rekord (NP)
    • KAT U/46MMs
    • d
    • Instytucja, która zmodyfikowała rekord (P)
    • KAT U/46MM
    • d
    • Instytucja, która zmodyfikowała rekord (P)
    • GD U/3Schu
    • d
    • Instytucja, która zmodyfikowała rekord (P)
    • KAT U/46MM
942 -Rodzaj dokumentu [ , ]
    • c
    • Rodzaj dokumentu
    • Książka
100 -Hasło główne - nazwa osobowa [1, ]
    • a
    • Nazwa osobowa (NP)
    • Andersch, Alfred
    • d
    • Daty biograficzne (NP)
    • (1914-1980).
    • 9
    • KHW
    • 97779
240 -Tytuł ujednolicony [1,0]
    • a
    • Tytuł ujednolicony
    • Fahrerflucht
    • l
    • Język tekstu
    • (niem.)
    • 9
    • KHW
    • 633962
245 -Strefa tytułu i oznaczenia odpowiedzialności [1,0]
    • a
    • Tytuł
    • Fahrerflucht : Find
    • b
    • Ciąg dalszy tytułu (NP)
    • Hörspiel ; Ein Liebhaber des Halbschattens : Erzählung / Find
    • c
    • Pozostałe elementy strefy tytułu i oznaczenia odpowiedzialności (NP)
    • Alfred Andersch.
260 -Strefa adresu wydawniczego [ , ]
    • a
    • Miejsce wydania (P)
    • Stuttgart :
    • b
    • Nazwa wydawcy (P)
    • Philipp Reclam jun.,
    • c
    • Data wydania (P)
    • dr. 1995.
300 -Strefa opisu fizycznego [ , ]
    • a
    • Określenie formy książki i/lub objętość (NP)
    • 95 s. ;
    • c
    • Format (NP)
    • 15 cm.
336 -Typ zawartości [ , ]
    • a
    • Termin opisujący typ zawartości
    • Tekst
    • b
    • Kod określający zawartość
    • txt
    • 2
    • Źródło (terminu i kodu)
    • rdacontent
337 -Typ mediów [ , ]
    • a
    • Tryb odtwarzania
    • Bez urządzenia pośredniczącego
    • b
    • Kod typu mediów
    • n
    • 2
    • Źródło (terminu i kodu)
    • rdamedia
338 -Typ/rodzaj nośnika [ , ]
    • a
    • Hasło opisujące typ nośnika
    • Wolumin
    • b
    • Kod typu nośnika
    • nc
    • 2
    • Źródło (terminu i kodu)
    • rdacarrier
490 -Strefa serii i książki wielotomowej - forma nie do wyszukiwania [1, ]
    • a
    • Tytuł (P)
    • Universal-Bibliothek ; Find
    • v
    • Numeracja (P)
    • Nr. 9892
830 -Hasło dodatkowe serii i opisu książki wielotomowej - tytuł ujednolicony/tytuł [ ,0]
    • a
    • Tytuł ujednolicony/tytuł (NP)
    • Reclams Universal-Bibliothek
    • x
    • ISSN
    • 0722-8511
    • v
    • Oznaczenie tomu (NP)
    • Nr. 9892
    • 9
    • KHW
    • 12680
080 -Uniwersalna Klasyfikacja Dziesiętna [ , ]
    • a
    • Symbol klasyfikacji
    • 830-2=30
080 -Uniwersalna Klasyfikacja Dziesiętna [ , ]
    • a
    • Symbol klasyfikacji
    • +830-32=30
655 -Hasło w funkcji tematu formalnego [ ,7]
    • a
    • Hasło
    • Nowele niemieckie
    • y
    • Określnik chronologiczny
    • 1945-1970.
    • 2
    • Źródło terminu
    • kaba
    • 9
    • KHW
    • 359189
655 -Hasło w funkcji tematu formalnego [ ,7]
    • a
    • Hasło
    • Teatr radiowy niemiecki
    • y
    • Określnik chronologiczny
    • 1945-1970.
    • 2
    • Źródło terminu
    • kaba
    • 9
    • KHW
    • 456298
980 -Symbol UKD [ , ]
    • a
    • UKD
    • 830-2+830-32]=30
700 -Hasło dodatkowe - nazwa osobowa [1,2]
    • a
    • Nazwa osobowa (NP)
    • Andersch, Alfred Find
    • d
    • Daty biograficzne (NP)
    • (1914-1980).
    • t
    • Tytuł ujednolicony/tytuł (NP)
    • Liebhaber des Halbschattens Find
    • l
    • Język tekstu (NP)
    • (niem.)
    • 9
    • KHW
    • 633961
710 -Hasło dodatkowe - nazwa ciała zbiorowego [2, ]
    • a
    • Nazwa ciała zbiorowego lub nazwa geograficzna jako pierwszy element (NP)
    • Philipp Reclam junior (Stuttgart).
    • 4
    • Kod relacji
    • pbl
    • 9
    • KHW
    • 51247
920 -ISBN [ , ]
    • a
    • ISBN
    • 3-15-009892-0 Find
Sygnatura Data inwentaryzacji Lokalizacja Status udost. Numer inwentarzowy
Germ. Opowiadania niemieckie1998-08-28BM-3G.13503
Germ. Opowiadania niemieckie1998-08-28BM-3G.13505
 1998-08-28BM1G.13499
Germ. Opowiadania niemieckie1998-08-28BM-3G.13502
 1998-08-28BM-3G.13512
 1998-08-28BM-3G.13511
 1998-08-28BM-3G.13510
 1998-08-28BM-3G.13509
 1998-08-28BM-3G.13508
 1998-08-28BM-3G.13507
 1998-08-28BM-3G.13506
 1998-08-28BM-3G.13504
 1998-08-28BM-3G.13501
 1998-08-28BM-3G.13500